00446cam a2200169ua 45000010005000000080039000050200018000440400009000620820008000711000030000792450041001092500012001502600044001623000015002066530035002216530020002566037131106n ii |||gr||||Z||||||eng a0-19-567172-4 cMAIN a901 aCollingwood,R.G,eAuthor. aIdea of Historycby R.G. Collingwood aRev ed. a[s.l]:bOxford University Press,c2006. axiix,497p. aPhilosophy & theory of history aIdea of History